000 01054nac a22002891i 4500
003 EG-ScBUE
005 20250806092831.0
008 250720r20031987ii a f 001 0 eng d
020 _a8121900743
020 _a9788121900744
040 _aEG-ScBUE
_beng
_erda
_cEG-ScBUE
_dEG-ScBUE
082 0 4 _a546
_bPRA
_222
100 1 _aPrakash, Satya,
_d1905-1995,
_eauthor.
245 1 0 _aModern inorganic chemistry :
_b(for B.Sc.I, II, III & P.G. courses of Indian University) /
_cSatya Prakash, R. D. Madan, M.Sc., Ph.D., Department of Chemistry, N.R.E.C., Khurja.
250 _aReprinted edition.
264 1 _aNew Delhi :
_bS. Chand & Company,
_c2003.
300 _axvi, 1548 pages :
_billustrations ;
_c24 cm
336 _2rdacontent
_atext
_btxt
337 _aunmediated
_2rdamedia
_bn
338 _avolume
_bnc
_2rdacarrier
500 _aIncludes index.
521 _aFor B.Sc.I, II, III & P.G. courses of Indian University.
650 7 _aChemistry, Inorganic.
_2BUEsh
655 _vReading book
700 1 _aMadan, R. D.,
_eauthor.
942 _cBB
_2ddc
999 _c1398
_d1398